A Pyreneusi félsziget államai a Spanyol Királyság, a Portugál Királyság, Andorra köztársaság /

Elmentve itt :
Bibliográfiai részletek
Szerző: Scholtz Albert
Dokumentumtípus: Cikk
Megjelent: 1885
Sorozat:Kolligátum
Kulcsszavak:Földrajz - középiskola - tankönyv,Spanyolország, Portugália, Andorra
Online Access:http://misc.bibl.u-szeged.hu/24112
LEADER 00659nab a2200169 i 4500
001 misc24112
005 20191111110650.0
008 170908s1885 hu o 0|| zxx d
040 |a SZTE Miscellanea Repozitórium  |b hun 
041 |a zxx 
100 1 |a Scholtz Albert 
245 1 2 |a A Pyreneusi félsziget államai   |h [elektronikus dokumentum] :  |b a Spanyol Királyság, a Portugál Királyság, Andorra köztársaság /  |c  Scholtz Albert 
260 |c 1885 
300 |a 34-46 
490 0 |a Kolligátum 
695 |a Földrajz - középiskola - tankönyv,Spanyolország, Portugália, Andorra 
856 4 0 |u http://misc.bibl.u-szeged.hu/24112/1/010_023_034-046.pdf  |z Dokumentum-elérés